[Event "ESP-ch rapid"]
[Site "Linares"]
[Date "2019.08.24"]
[Round "1"]
[White "De Pablos Fernandez, Mariano"]
[Black "Santos Ruiz, Miguel"]
[Result "0-1"]
[WhiteElo "1928"]
[BlackElo "2567"]
[PlyCount "38"]
[EventDate "2019.08.24"]
[EventType "swiss (rapid)"]
[EventRounds "9"]
[EventCountry "ESP"]
[SourceTitle "EXT 2020"]
[Source "ChessBase"]
[SourceDate "2019.10.17"]
[SourceVersion "1"]
[SourceVersionDate "2019.10.17"]
[SourceQuality "1"]

1. d4 Nf6 2. Nf3 e6 3. c3 b6 4. g3 Bb7 5. Bg2 g6 6. 0-0 Bg7 7. Re1 0-0 8. Bg5 h6 9. Bxf6 Qxf6 10. Nbd2 Qe7 11. e4 d6 12. Qe2 c5 13. e5 cxd4 14. cxd4 dxe5 15. dxe5 Nd7 16. Nc4 Ba6 17. b3 Rac8 18. Rac1 Rc5 19. Rc3 b5 0-1

[Event "Navarra-chT"]
[Site "Navarra"]
[Date "2016.10.22"]
[Round "3.8"]
[White "De Pablos Fernandez, Mariano"]
[Black "Martinez Bernardo, Aitor"]
[Result "0-1"]
[WhiteElo "1927"]
[BlackElo "1700"]
[PlyCount "126"]
[EventDate "2016.10.08"]
[EventType "team-tourn"]
[EventRounds "7"]
[EventCountry "ESP"]
[SourceTitle "CBM 175 Extra"]
[Source "ChessBase"]
[SourceDate "2016.12.12"]
[SourceVersion "1"]
[SourceVersionDate "2016.12.12"]
[SourceQuality "1"]
[WhiteTeam "Oberena"]
[BlackTeam "Santa Ana Siglo 21"]
[WhiteTeamCountry "ESP"]
[BlackTeamCountry "ESP"]

1. d4 Nf6 2. Nf3 g6 3. g3 Bg7 4. Bg2 0-0 5. 0-0 d5 6. c4 dxc4 7. Nc3 c6 8. a4 a5 9. e4 Nfd7 10. Qe2 Nb6 11. Be3 Bg4 12. Rfd1 Na6 13. h3 Bc8 14. Ne1 Qc7 15. f4 Rd8 16. Qf2 Nb4 17. Bf1 Nd3 18. Nxd3 cxd3 19. b3 Nd7 20. Bxd3 c5 21. Nd5 Qb8 22. Rac1 cxd4 23. Bxd4 Nf6 24. Nc7 Bxh3 25. Bb6 Ng4 26. Qc2 Rd6 27. Nxa8 Qxa8 28. Qc8+ Qxc8 29. Rxc8+ Bf8 30. Bc5 Rd7 31. Be2 Nf6 32. Rxd7 Bxd7 33. Rd8 Kg7 34. e5 Ne4 35. Bf2 Bc6 36. Bf3 e6 37. Bxe4 Bxe4 38. Rc8 Bb4 39. Bc5 Bd5 40. Bxb4 axb4 41. Rc1 Bxb3 42. a5 Bd5 43. Ra1 b3 44. a6 bxa6 45. Rxa6 h6 46. Rb6 g5 47. Kf2 Kg6 48. Ke3 Kf5 49. Rb4 gxf4+ 50. gxf4 h5 51. Kf2 h4 52. Kg1 Kg4 53. Kh2 Kf3 54. Kh3 Ke3 55. Kxh4 Kd3 56. Kg5 Kc3 57. Rb5 b2 58. Kf6 Bb3 59. Rxb3+ Kxb3 60. Kxf7 b1Q 61. Kxe6 Qg6+ 62. Kd5 Qf5 63. Kd6 Qxf4 0-1

[Event "Navarra-chT"]
[Site "Navarra"]
[Date "2016.10.08"]
[Round "1.7"]
[White "De Pablos Fernandez, Mariano"]
[Black "Hernandorena de la Cruz, Egoi"]
[Result "1-0"]
[WhiteElo "1927"]
[BlackElo "2059"]
[PlyCount "85"]
[EventDate "2016.10.08"]
[EventType "team-tourn"]
[EventRounds "7"]
[EventCountry "ESP"]
[SourceTitle "CBM 175 Extra"]
[Source "ChessBase"]
[SourceDate "2016.12.12"]
[SourceVersion "1"]
[SourceVersionDate "2016.12.12"]
[SourceQuality "1"]
[WhiteTeam "Oberena"]
[BlackTeam "Orvina"]
[WhiteTeamCountry "ESP"]
[BlackTeamCountry "ESP"]

1. d4 f5 2. Nf3 Nf6 3. c4 g6 4. Nc3 Bg7 5. g3 0-0 6. Bg2 d6 7. 0-0 Nc6 8. d5 Ne5 9. Qb3 h6 10. Nxe5 dxe5 11. c5 Kh8 12. Qc4 g5 13. b4 e4 14. Be3 Ng4 15. Bd2 Qe8 16. Rad1 Qh5 17. h3 Ne5 18. Qb3 f4 19. gxf4 gxf4 20. Nxe4 f3 21. Ng3 Qh4 22. exf3 Bxh3 23. f4 Ng6 24. f5 Ne5 25. Bc3 Bxf5 26. Rfe1 Ng4 27. Bxg7+ Kxg7 28. Nxf5+ Rxf5 29. Qg3 Qxg3 30. fxg3 Rf7 31. Re6 Raf8 32. Rde1 Rf2 33. Rxe7+ Kg6 34. R1e6+ Kh5 35. Re2 R2f5 36. Rxc7 Ne5 37. d6 Kg4 38. Rg7+ Kh5 39. Rxb7 Nf3+ 40. Bxf3+ Rxf3 41. Kg2 Rd3 42. Rg7 Rd5 43. c6 1-0

[Event "Mislata op 24th C"]
[Site "Mislata"]
[Date "2016.08.10"]
[Round "4.1"]
[White "Nadal Fajardo, Ricard"]
[Black "De Pablos Fernandez, Mariano"]
[Result "0-1"]
[WhiteElo "1891"]
[BlackElo "1897"]
[PlyCount "184"]
[EventDate "2016.08.08"]
[EventType "swiss"]
[EventRounds "9"]
[EventCountry "ESP"]
[SourceTitle "EXT 2024"]
[Source "ChessBase"]
[SourceDate "2023.10.10"]
[SourceVersion "1"]
[SourceVersionDate "2023.10.10"]
[SourceQuality "1"]

1. d4 d5 2. Nf3 Nf6 3. c4 e6 4. Nc3 c6 5. cxd5 exd5 6. Bg5 Be7 7. e3 0-0 8. Be2 Ne4 9. Bxe7 Qxe7 10. Qc2 Nd7 11. Bd3 f5 12. 0-0 Rf6 13. Rfe1 Rh6 14. g3 Ndf6 15. Ne5 Nd7 16. f4 Ndf6 17. Rac1 Be6 18. Na4 Kh8 19. Re2 Rg8 20. Rg2 g5 21. a3 gxf4 22. exf4 Ng4 23. Nxg4 Rxg4 24. Qe2 Rg8 25. Qe3 Bc8 26. Nc5 Re8 27. Nxe4 dxe4 28. Bc4 Be6 29. Rgc2 Bxc4 30. Rxc4 Rd6 31. Kf2 Red8 32. b4 Qg7 33. Rd1 Rd5 34. Rd2 R8d6 35. a4 Qd7 36. Qc3 a6 37. Ke3 Qg7 38. a5 Qg4 39. Rf2 Qg7 40. Qd2 Qf7 41. Qc2 Rh6 42. Rc5 Rhd6 43. Rc4 Qg7 44. Qb2 h5 45. Qe2 Qg4 46. Qxg4 hxg4 47. Rd2 Rh6 48. Rc5 Rhd6 49. Rc4 Kg7 50. Rd1 Kf7 51. Rd2 Ke7 52. Rd1 Kd7 53. Rdc1 Kc7 54. Rd1 Rd8 55. Rdc1 Rf8 56. Rc5 Rfd8 57. R5c4 Rb5 58. R1c2 Rd6 59. Rc5 Rxc5 60. Rxc5 Rd5 61. Rc1 b6 62. axb6+ Kxb6 63. h3 gxh3 64. Rh1 Kb5 65. Rxh3 Kxb4 66. Rh6 Kb5 67. g4 fxg4 68. Kxe4 a5 69. f5 a4 70. f6 a3 71. Rh7 Rd8 72. Ra7 Kb4 73. Kf4 Rxd4+ 74. Kg3 Kb3 75. Rb7+ Kc2 76. Ra7 Kb2 77. Rb7+ Kc3 78. Rb6 c5 79. Ra6 Kb3 80. Rb6+ Kc2 81. Rc6 a2 82. Rxc5+ Kb3 83. Ra5 Rd6 84. Ra8 Rxf6 85. Rb8+ Kc4 86. Ra8 Kb3 87. Rb8+ Kc2 88. Ra8 Kb1 89. Rb8+ Ka1 90. Kxg4 Rf1 91. Kg3 Rb1 92. Ra8 Rb3+ 0-1

[Event "Mislata op-B 48th"]
[Site "Mislata"]
[Date "2014.08.15"]
[Round "7"]
[White "De Pablos Fernandez, Mariano"]
[Black "Cebrian Flores, Juan Antonio"]
[Result "0-1"]
[WhiteElo "1952"]
[BlackElo "1995"]
[PlyCount "56"]
[EventDate "2014.08.11"]
[EventType "swiss"]
[EventRounds "9"]
[EventCountry "ESP"]
[SourceTitle "CBM 161 Extra"]
[Source "ChessBase"]
[SourceDate "2014.08.29"]
[SourceVersion "1"]
[SourceVersionDate "2014.08.29"]
[SourceQuality "1"]

1. d4 g6 2. Bf4 Nf6 3. e3 Bg7 4. Bd3 d6 5. Nf3 0-0 6. Nbd2 Nfd7 7. c3 h6 8. e4 e5 9. Be3 Nc6 10. d5 Ne7 11. g3 f5 12. Nh4 Nf6 13. Qc2 fxe4 14. Nxe4 Nfxd5 15. 0-0-0 Nxe3 16. fxe3 g5 17. Ng2 d5 18. h4 g4 19. Ng5 Nf5 20. e4 Nxg3 21. exd5 hxg5 22. d6 Be6 23. dxc7 Qf6 24. Bh7+ Kh8 25. hxg5 Qxg5+ 26. Kb1 Nxh1 27. Rxh1 Bh6 28. Nh4 Qxh4 0-1

[Event "Navarra-ch"]
[Site "Pamplona"]
[Date "2014.05.31"]
[Round "8"]
[White "Ortin Blanco, Inigo"]
[Black "De Pablos Fernandez, Mariano"]
[Result "1-0"]
[WhiteElo "1661"]
[BlackElo "1930"]
[PlyCount "49"]
[EventDate "2014.03.29"]
[EventType "swiss"]
[EventRounds "8"]
[EventCountry "ESP"]
[SourceTitle "EXT 2016"]
[Source "ChessBase"]
[SourceDate "2015.10.08"]
[SourceVersion "1"]
[SourceVersionDate "2015.10.08"]
[SourceQuality "1"]

1. d4 c5 2. d5 e5 3. c4 d6 4. Nc3 f5 5. e4 Nf6 6. Bd3 f4 7. a3 Be7 8. Bd2 0-0 9. Nf3 Bg4 10. h3 Bh5 11. Be2 Nbd7 12. Ng5 Bf7 13. Ne6 Bxe6 14. dxe6 Nb8 15. Nd5 Nxe4 16. Bd3 Nxd2 17. Kxd2 g6 18. Qg4 Kg7 19. h4 Nc6 20. h5 g5 21. h6+ Kh8 22. Rh5 Nd4 23. Rxg5 Nxe6 24. Rg7 Ng5 25. Rxh7+ 1-0

[Event "Navarra Puente Foral-A 5th"]
[Site "Navarra"]
[Date "2010.12.04"]
[Round "2.6"]
[White "Arnedo Ruiz, Alberto"]
[Black "De Pablos Fernandez, Mariano"]
[Result "1/2-1/2"]
[WhiteElo "1980"]
[BlackElo "2085"]
[PlyCount "93"]
[EventDate "2010.12.03"]
[EventType "swiss"]
[EventRounds "7"]
[EventCountry "ESP"]
[SourceTitle "EXT 2024"]
[Source "ChessBase"]
[SourceDate "2023.10.10"]
[SourceVersion "1"]
[SourceVersionDate "2023.10.10"]
[SourceQuality "1"]

1. e4 e5 2. Nc3 Nc6 3. Bc4 Na5 4. d3 Nxc4 5. dxc4 Bc5 6. Qd3 d6 7. Be3 Bxe3 8. Qxe3 Nf6 9. f3 0-0 10. Rd1 Qe7 11. Nge2 Be6 12. b3 Nh5 13. g4 Nf6 14. Ng3 Kh8 15. h4 Rfd8 16. Nd5 Nxd5 17. cxd5 Bd7 18. Rd2 c6 19. Nf5 Bxf5 20. gxf5 cxd5 21. Rxd5 Rac8 22. Qd2 Rc5 23. c4 Rxd5 24. Qxd5 g6 25. fxg6 fxg6 26. Qd2 Rf8 27. Qf2 Rf4 28. Ke2 a6 29. Qg3 Qf6 30. Qh3 Kg7 31. h5 g5 32. Rg1 Kh6 33. Rg4 Qf7 34. Rxf4 exf4 35. Kd3 Qe7 36. Qg4 b5 37. cxb5 axb5 38. Qh3 Qe5 39. Qd7 b4 40. Ke2 Qb2+ 41. Kf1 Qe5 42. Kg2 Qb2+ 43. Kh3 Qf2 44. Qe6+ Kxh5 45. Qf7+ Kh6 46. Qf6+ Kh5 47. Qf7+ 1/2-1/2

[Event "Las Palmas Lezcano Memorial op"]
[Site "Las Palmas"]
[Date "2008.05.03"]
[Round "7"]
[White "De Pablos Fernandez, Mariano"]
[Black "Martin Perez, Francisco Javier"]
[Result "1/2-1/2"]
[WhiteElo "2047"]
[BlackElo "2105"]
[PlyCount "70"]
[EventDate "2008.04.28"]
[EventType "swiss"]
[EventRounds "9"]
[EventCountry "ESP"]
[SourceTitle "CBM 124 Extra"]
[Source "ChessBase"]
[SourceDate "2008.07.03"]
[SourceVersion "1"]
[SourceVersionDate "2008.07.03"]
[SourceQuality "1"]

1. d4 Nf6 2. Nf3 e6 3. c3 d5 4. Bg5 Nbd7 5. Ne5 Be7 6. Nd2 Nxe5 7. dxe5 Nd7 8. Bxe7 Qxe7 9. Nf3 0-0 10. e3 f6 11. exf6 Nxf6 12. Qc2 e5 13. h3 c6 14. 0-0-0 a5 15. Be2 Kh8 16. Nh2 b5 17. f3 Nh5 18. Rhe1 Ng3 19. Nf1 Nxe2+ 20. Rxe2 Ba6 21. e4 b4 22. Red2 bxc3 23. Qxc3 d4 24. Qa3 c5 25. Rc2 Rfc8 26. Nd2 a4 27. Kb1 Qg5 28. Nc4 Bxc4 29. Rxc4 Qxg2 30. Rdc1 Qxh3 31. Rxc5 Rxc5 32. Rxc5 h6 33. b4 Qf1+ 34. Qc1 Qd3+ 35. Qc2 Qf1+ 1/2-1/2

[Event "Las Palmas Lezcano Memorial op"]
[Site "Las Palmas"]
[Date "2008.05.03"]
[Round "8"]
[White "Rodriguez Perez, David Antonio"]
[Black "De Pablos Fernandez, Mariano"]
[Result "0-1"]
[WhiteElo "2066"]
[BlackElo "2047"]
[PlyCount "154"]
[EventDate "2008.04.28"]
[EventType "swiss"]
[EventRounds "9"]
[EventCountry "ESP"]
[SourceTitle "CBM 124 Extra"]
[Source "ChessBase"]
[SourceDate "2008.07.03"]
[SourceVersion "1"]
[SourceVersionDate "2008.07.03"]
[SourceQuality "1"]

1. e4 d5 2. exd5 Qxd5 3. Nc3 Qa5 4. d4 Nf6 5. Bc4 Bg4 6. f3 Bf5 7. Bd2 c6 8. Nge2 e6 9. 0-0 Qc7 10. Bf4 Bd6 11. Bxd6 Qxd6 12. Ng3 Bg6 13. Nce4 Qe7 14. Re1 0-0 15. Nxf6+ Qxf6 16. Ne4 Qe7 17. Nc5 Kh8 18. Qe2 Nd7 19. Nxb7 Qb4 20. Ba6 Rab8 21. c3 Qb6 22. Nd6 c5 23. Ne4 cxd4 24. Kh1 Qxb2 25. Qxb2 Rxb2 26. cxd4 Rfb8 27. Bc4 Nb6 28. Bb3 a5 29. Nc5 Ra8 30. a4 h6 31. h3 Rb8 32. Ra2 Rxa2 33. Bxa2 Rd8 34. Rd1 Bc2 35. Rd2 Bg6 36. Nb7 Rb8 37. Nxa5 Ra8 38. Nc4 Nxc4 39. Bxc4 Rxa4 40. Bb5 Rb4 41. Bc6 Rc4 42. Be4 Bxe4 43. fxe4 Kg8 44. Kg1 Kf8 45. Kf2 Ke7 46. Ke3 Rc1 47. Kd3 Kf6 48. Rf2+ Kg6 49. d5 e5 50. Rc2 Rd1+ 51. Ke2 Rd4 52. Ke3 h5 53. Rd2 Ra4 54. d6 Ra8 55. Kd3 Kf6 56. Kc4 Ke6 57. Kc5 Rc8+ 58. Kb6 Kd7 59. Rd5 Rc6+ 60. Kb5 f6 61. g4 h4 62. Kb4 Rxd6 63. Kc5 Rxd5+ 64. Kxd5 g6 65. Kc4 Ke6 66. Kd3 f5 67. gxf5+ gxf5 68. exf5+ Kxf5 69. Ke3 e4 70. Ke2 Kf4 71. Kf2 e3+ 72. Ke2 Ke4 73. Ke1 Kf3 74. Kf1 Kg3 75. Ke2 Kxh3 76. Kf3 e2 77. Kxe2 Kg2 0-1

[Event "Valencia Autonomico North"]
[Site "Valencia"]
[Date "2004.01.31"]
[Round "3.4"]
[White "De Pablos Fernandez, Mariano"]
[Black "Gimenez Saiz, Jose Raul"]
[Result "1/2-1/2"]
[WhiteElo "2038"]
[BlackElo "2136"]
[PlyCount "85"]
[EventDate "2004.01.17"]
[EventType "team"]
[EventRounds "5"]
[EventCountry "ESP"]
[SourceTitle "CBM 098 Extra"]
[Source "ChessBase"]
[SourceDate "2004.03.10"]
[SourceVersion "2"]
[SourceVersionDate "2004.03.10"]
[SourceQuality "1"]

1. d4 d5 2. Nf3 e6 3. Bg5 f6 4. Bh4 c6 5. e3 Qb6 6. Bd3 Qxb2 7. Nbd2 Qb6 8. 0-0 Qc7 9. e4 Bd6 10. Re1 Ne7 11. e5 fxe5 12. Nxe5 0-0 13. Ndf3 Nf5 14. Bg3 Nxg3 15. hxg3 Bxe5 16. Rxe5 Nd7 17. Ng5 Nf6 18. Qe2 h6 19. Nxe6 Bxe6 20. Rxe6 Rae8 21. Re1 Qf7 22. c4 Rxe6 23. Qxe6 Qxe6 24. Rxe6 Kf7 25. Re2 Re8 26. Kf1 Rxe2 27. Kxe2 dxc4 28. Bxc4+ Ke7 29. Kf3 g5 30. Ke3 Ng4+ 31. Ke2 Kd6 32. f3 Nf6 33. g4 b5 34. Bf7 a5 35. g3 c5 36. dxc5+ Kxc5 37. Kd3 b4 38. Be6 a4 39. f4 Kd6 40. Bc8 Kc5 41. Be6 Kd6 42. Bc8 Kc5 43. Be6 1/2-1/2

[Event "Mislata op-B 11th"]
[Site "Mislata"]
[Date "2003.??.??"]
[Round "7.7"]
[White "Laehnwitz, Alexander"]
[Black "De Pablos Fernandez, Mariano"]
[Result "1-0"]
[WhiteElo "2135"]
[BlackElo "2038"]
[PlyCount "59"]
[EventDate "2003.08.19"]
[EventType "swiss"]
[EventRounds "9"]
[EventCountry "ESP"]
[SourceTitle "EXT 2004"]
[Source "ChessBase"]
[SourceDate "2003.11.25"]
[SourceVersion "1"]
[SourceVersionDate "2003.11.25"]
[SourceQuality "1"]

1. e4 e5 2. Nf3 Nc6 3. Bb5 f5 4. d3 Nf6 5. Bg5 h6 6. Bxf6 Qxf6 7. Nc3 Bb4 8. Nd2 Ne7 9. Bc4 d6 10. Ne2 Be6 11. Bxe6 Qxe6 12. c3 Bc5 13. Qb3 Qxb3 14. Nxb3 Bb6 15. Rf1 0-0 16. Nd2 d5 17. f3 Rad8 18. 0-0-0 Rf6 19. Kc2 h5 20. Ng3 f4 21. Ne2 h4 22. d4 exd4 23. cxd4 g5 24. e5 Rc6+ 25. Kd3 Nf5 26. Rc1 Ne3 27. Rxc6 bxc6 28. Rc1 Nxg2 29. a3 Ne3 30. Rg1 1-0